| 000 | 00856cam a2200241 a 4500 | ||
|---|---|---|---|
| 001 | 4451031 | ||
| 005 | 20180813085635.0 | ||
| 008 | 950322s1996 mdua b 001 0 eng c | ||
| 010 | _a 95013453 | ||
| 020 | _a0683036459 | ||
| 040 |
_aDNLM/DLC _cDLC _dDLC |
||
| 041 | _aeng | ||
| 060 | 1 | 0 | _aWG 141.5.C2 C267 1995 |
| 080 | _a616.1207572 | ||
| 082 | 0 | 0 |
_a616.1207572 _220 |
| 100 | _a7 | ||
| 101 | _aKAR | ||
| 245 | 0 | 0 |
_aCardiac catheterization, angiography, and intervention / _c[edited by] Donald S. Baim, William Grossman. |
| 504 | _aIncludes bibliographical references and index. | ||
| 906 |
_a7 _bcbc _corignew _d1 _eocip _f19 _gy-gencatlg |
||
| 942 |
_2ddc _cBK |
||
| 999 |
_c47064 _d47064 |
||